Представление документа в формате RUSMARC

ПолеНазваниеЗначение
  Тип записи a
  Библиографический уровень a
001 Контрольный номер RU/CBS_Ul/BASE/479562876
005 Дата корректировки 20240403115113.1
100 Данные общей обработки __
a Данные общей обработки 20150313d2015 ||| 0rusy0189 ca
101 Язык документа 0_
a Язык текста rus
102 Страна публикации __
a Страна публикации RU
105 Кодированные данные (монография) __
a Кодированные данные (монография) y###||||000|y
200 Заглавие и сведения об ответственности 1_
a Заглавие У кратера Пектусана
b Общее обозначение материала Текст
e Сведения, относящиеся к заглавию [писатель-демократ Н. Г. Гарин-Михайловский в 1900 году приехал на жительство в Тургенево Ардатовского уезда Симбирской губернии]
f Первые сведения об ответственности О. Григорьева
300 Общие примечания __
a Общие примечания Ограничения по возрасту - 12+
461 Уровень набора _0
1 2000
a Мономах
463 Уровень физической единицы _0
1 001RU/CBS_Ul/BASE/478774955
1 2000
a № 1
v С. 55-57
1 210
d 2015
600 Персоналии _0
a Персоналии (Фамилия) Гарин-Михайловский
b Персоналии (Имя, инициалы) Н. Г.
606 Тематические рубрики 0_
a Основная рубрика Гарин-Михайловский, Николай Георгиевич (1852-1906)
y Географическая подрубрика Тургенево, село (Мордовия)
606 Тематические рубрики 0_
y Географическая подрубрика Тургенево, село (Ардатовский уезд ; Симбирская губерния)
610 Ключевые слова 0_
a Ключевые слова литературоведение
610 Ключевые слова 0_
a Ключевые слова путешественники
610 Ключевые слова 0_
a Ключевые слова путешествия
610 Ключевые слова 0_
a Ключевые слова писатели-демократы
686 Индексы других классификаций __
a Классификационный индекс 83.3(2Рос=Рус)1
2 Код системы ББК
700 Автор _1
a Фамилия Григорьева
b Имя (инициалы) О.
g Полное личное имя Ольга
801 Источник записи _0
a Страна RU
b Организация МБУК ЦБС г. Ульяновска
c Дата составления 20150313
g Правила каталогизации RCR
801 Источник записи _1
a Страна RU
b Организация МБУК ЦБС г. Ульяновска
c Дата составления 20150313
g Правила каталогизации RCR
900 Электронные ресурсы __
a Имя электронного ресурса У кратера Пектусана
901 Тип документа __
t Тип документа b
w Контрольный № источника RU/CBS_Ul/BASE/478774955
910 Корректоры записи __
a Корректор записи Нецеевский
938 Служебная информация __
a Имя БД kraeved